000 01006nam a2200193 u 4500
001 000146003
003 AM-YEHGA
005 20250617163503.0
008 030329s1960 ||||||||||||||||||||rus c
040 _aAM-YeHGA
100 1 _aЗаварицкий, В.А.
245 1 0 _aПетрография :
_bКонспект лекций /
_cВ.А. Заварицкий ; Ленингр. горный ин-т им. Г.В. Плеханова.
260 _aЛенинград :
_bБ. и.,
_c1960.
300 _aч.
505 0 0 _gЧ. 1 (1960, 251 с.) :
_tИзверженные горные породы :
_gЧ. 2 (1961, 352 с.) :
_tОсадочные и метаморфические породы
_gЧ. 3 (1961, 232 с.) :
_tМикроскопический метод изучения прозрачных минералов и горных пород
650 1 4 _aПетрография
710 2 _aЛенинградский горный институт им. Г.В. Плеханова
090 _c510877
999 _c507451
_d507451